Les chansons françaises à l'Eurovision - Titre à compléter - Statistiques

Statistiques générales
  • Ce quiz a été pris 216 fois
    152 depuis la dernière actualisation
  • Le résultat moyen est 29 sur 67
Statistiques - réponses
Année Interprète Chanson % Correct
1957 Paule Desjardins La belle {amour}
99%
2024 Slimane Mon {amour}
99%
2021 Barbara Pravi {Voilà}
92%
1977 Marie Myriam L'{oiseau} et l'enfant
91%
2019 Bilal Hassani {Roi}
89%
1956 Dany Dauberson Il {est} là
82%
2016 Amir J'ai {cherché}
82%
2018 Madame Monsieur {Mercy}
76%
2023 La Zarra {Evidemment}
75%
1976 Catherine Ferry Un, deux, {trois}...
75%
1959 Jean Philippe Oui, oui, {oui}, oui
74%
1973 Marie Clémenceau Sans {toi}
69%
2014 Twin Twin {Moustache}
61%
2010 Jessy Matador Allez, ola, {olé}
60%
2001 Natasha Saint-Pier Je n'ai que mon {âme}
60%
2009 Patricia Kaas Et s'il fallait le {faire}
58%
1969 Frida Boccara Un jour, un {enfant}
57%
2007 Les Fatals Picards L'amour à la {française}
56%
2017 Alma {Requiem}
55%
2003 Louisa Baileche Monts et {Merveilles}
54%
1967 Noëlle Cordier Il doit faire {beau} là-bas
51%
1963 Alain Barrière Elle était si {jolie}
49%
2015 Lisa Angell N'{oubliez} pas
49%
1993 Patrick Fiori Mama {Corsica}
48%
2006 Virginie Pouchain Il {était} temps
47%
2002 Sandrine François Il {faut} du temps
47%
1989 Nathalie Pâque J'ai volé la {vie}
43%
1991 Amina Le {dernier} qui a parlé
43%
1992 Kali Monté {la} rivié
43%
1990 Joëlle Ursull White and black {blues}
43%
2004 Jonatan Cerrada A chaque {pas}
42%
2022 Alvan & Ahez {Fulenn}
42%
1999 Nayah Je veux donner ma {voix}
42%
2013 Amandine Bourgeois L'{Enfer} et moi
37%
1960 Jacqueline Boyer Tom {Pillibi}
37%
1979 Anne-Marie David Je suis l'enfant-{soleil}
35%
1988 Gérard Lenorman Chanteur de {charme}
34%
1966 Dominique Walter Chez {nous}
34%
1958 André Claveau {Dors}, mon amour
34%
2005 Ortal Chacun {pense} à soi
33%
2012 Anggun {Echo} (You and I)
33%
2011 Amaury Vassili {Sognu}
32%
1962 Isabelle Aubret Un {premier} amour
32%
2008 Sébastien Tellier {Divine}
31%
1980 Profil Hé, hé, m'sieurs {dames}
31%
1965 Guy Mardel N'{avoue} jamais
31%
1975 Nicole Rieu Et bonjour à toi, l'{artiste}
27%
1998 Marie Line Où {aller}
27%
1985 Roger Bens Femme, dans ses {rêves} aussi
24%
1994 Nina Morato Je suis un vrai {garçon}
24%
2000 Sofia Mestari On aura le {ciel}
24%
1997 Fanny Sentiments, {songes}
24%
1978 Joël Prévost Il y aura toujours des {violons}
22%
1972 Betty Mars Comé-{comédie}
21%
1986 Cocktail Chic {Européennes}
21%
1968 Isabelle Aubret La {Source}
20%
1987 Christine Minier Les mots d'amour n'ont pas de {dimanche}
19%
1984 Annick Thoumazeau Autant d'{amoureux} que d'étoiles
18%
1996 Dan Ar Braz et l'Héritage des Celtes Diwanit {bugale}
18%
1995 Nathalie Santamaria Il me donne {rendez-vous}
18%
1956 Mathé Altéry Le temps {perdu}
18%
1983 Guy Bonnet {Vivre}
17%
1971 Serge Lama Un {jardin} sur la terre
16%
1981 Jean Gabilou {Humanahum}
15%
1961 Jean-Paul Mauric {Printemps} (Avril carillonne)
15%
1970 Guy Bonnet Marie-{Blanche}
14%
1964 Rachel Le chant de {Mallory}
12%
Aucun quiz correspondant
Distribution des résultats
% des personnes avec chaque résultat
Percentile par nombre de réponses
Votre historique - résultats
Vous n’avez pas pris ce quiz depuis la dernière actualisation